000
00351nam a2200145Ia 4500
008
151213s9999 xx 000 0 und d
100
_a
Joseph Conard
245
_a
Under Western Eyes
_c
Joseph Conard
250
_a
1st
260
_a
U K.U K.
_b
Penguing Book
_c
1911
300
_a
4533 p.
650
_a
English
700
_a
Joseph Conard
999
_c
2908
_d
2908